top 10 strongest hunter x hunter characters - Statistics

General Stats
  • This quiz has been taken 657 times
  • The average score is 5 of 10
Answer Stats
hint Answer % Correct
5th strongest issac netero
90%
strongest meruem
90%
6th strongest beyond netero
89%
3rd strongest gon freecs
38%
9th strongest zeno zoldyck
37%
7th strongest ging freecs
35%
10th strongest silva zoldyck
35%
4th strongest maha zoldyck
27%
2nd strongest don freecs
17%
8th strongest chrollo lucilfer
15%
No matching quizzes found
Score Distribution
Percent of People with Each Score
Percentile by Number Answered
Your Score History
You have not taken this quiz